| 000 | 01192nam a22002657a 4500 | ||
|---|---|---|---|
| 005 | 20081117123210.0 | ||
| 008 | 081117t xxu||||| |||| 00| 0 hin d | ||
| 010 | _aHIN-85047 | ||
| 020 |
_c95.00 _a8122503519 |
||
| 035 | _aHN-57393 | ||
| 037 | _bDBAD / PUB | ||
| 040 |
_aDPL _bHN |
||
| 082 | _a909 | ||
| 100 | _aराय, कौलेश्वर | ||
| 245 |
_aइंटर विश्व इतिहास / _cकौलेश्वर राय तथा जयदीप कुमार |
||
| 246 |
_aInter vishava Itihaasa _b by Koleshawar Rai |
||
| 260 |
_aइलाहाबाद _bकिताब महल एजेन्सीज़ _c2008 |
||
| 270 |
_a22, सरोजिनी नायडू मार्ग _bइलाहाबाद _e211001 _k2423466, 2424154 |
||
| 300 |
_a432 पृ _c22सेमी (अजिल्द) |
||
| 650 | _aविश्व इतिहास | ||
| 650 | _aWorld history | ||
| 700 | _a जयदीप कुमार | ||
| 942 |
_2ddc _cHN _mरायकौ _h909 |
||
| 999 |
_c18666 _d18666 |
||